| 000 | 00436cam a2200181 4500 | ||
|---|---|---|---|
| 001 | D12738 | ||
| 008 | 090401t1931 xxu||||| |||| 00| 0 eng d | ||
| 035 | _a(Sirsi) u5390 | ||
| 041 | _aeng | ||
| 100 | _aFletcher, Sir Banister | ||
| 245 | 2 | _aA history of architecture on the comparative method | |
| 250 | _a9th | ||
| 260 |
_aLondon _bB T Batsford _c1931 |
||
| 350 | _a0 | ||
| 520 | _aShelf 179 | ||
| 942 | _n0 | ||
| 948 | _c04/03/1997 | ||
| 999 |
_c86172 _d86172 |
||